Dimensioning and tolerancing for quantity production

Bibliographic Details
Main Author: Spotts, Merhyle Franklin (Author)
Format: Book
Published: Englewood Cliffs, NJ : Prentice-Hall , c1983
Subjects:

MARC

LEADER 00000cam a2200000 7i4500
001 0000003933
005 20220821093000.0
008 021118s1983
020 |a 0132146843 
090 0 0 |a T357   |b .S68 1983 
100 0 |a Spotts, Merhyle Franklin ,   |e author 
245 0 0 |a Dimensioning and tolerancing for quantity production   |c Merhyle Franklin Spotts 
260 2 |a Englewood Cliffs, NJ :   |b Prentice-Hall ,   |c c1983 
300 |a x, 246 p. ; ;   |c 24 cm. 
504 |a Bibliography (p. 240-243) and index 
650 0 |a Engineering design 
650 0 |a Engineering drawings   |x Dimensioning 
650 0 |a Tolerance (Engineering) 
999 |a 1000032924   |b Book   |c OPEN SHELF (30 DAYS)   |e Gong Badak Campus